00479nam a22001575i 45000010009000000050017000090080041000260200030000670400013000970820024001101000021001342450096001552600039002513000011002906500020003011954971120190720115258.0170310s2017 inu 000 0 eng  a9788126569199(alk. paper) cPK-LaUMT a519.50285536bMCC-S1 aMcCormick, Keith10aSPSS Statistics for data analysis and visualization /cby Keith McCormick and Jesus Salcedo aIndianapolis :bWiley India,c2017 a490 p. aSPSS statistics